| 000 | 00727nam a22002297a 4500 | ||
|---|---|---|---|
| 005 | 20240212125726.0 | ||
| 010 | _aENG-139166 | ||
| 020 |
_c179.00 _a9789356182967 |
||
| 035 | _aEN-122698 | ||
| 037 | _bDBAD/PUB | ||
| 082 |
_a000 _21 _b1 |
||
| 100 |
_aGupta Naveen _961913 |
||
| 245 |
_aTogether with CUET UG-2022 Solved Question Bank COMPUTER SCIENCE/ INFORMATICS PRACTICES _cBy Naveen Gupta, and Shailender Gupta _hEnglish |
||
| 250 | _a1 | ||
| 260 |
_aNew Delhi- _bRachna Sagar PVT. LTD. |
||
| 270 |
_bNew Delhi _a4583/15 Daryaganj, New Delhi _e110002 |
||
| 300 |
_a184p. _c27cm(pbk) |
||
| 700 |
_aby Gupta Shailender _961679 |
||
| 700 | _961680 | ||
| 700 | _961681 | ||
| 942 |
_2ddc _cEN _h000 _e1 _mGUP |
||
| 999 |
_c200667 _d200667 |
||